Histoire de France - Moyen 🇫🇷 - Statistiques

Statistiques générales
  • Ce quiz a Ă©tĂ© pris 304 fois
    287 depuis la dernière actualisation
  • Le rĂ©sultat moyen est 8 sur 10
Statistiques - réponses
Question Réponse % Correct
En quelle année a eu lieu la bataille de Marignan, remportée par François Ier ? 1515
98%
Qui était le chef de la Résistance française pendant la Seconde Guerre mondiale ? Charles de Gaulle
97%
Quel événement a marqué le début de la Révolution française ? La prise de la Bastille
97%
Quel empereur français a été exilé sur l'île de Sainte-Hélène après la défaite de Waterloo ? Napoléon Bonaparte
97%
Quelle reine de France était l'épouse de Louis XVI ? Marie Antoinette
95%
Quel roi a signé l'Édit de Nantes en 1598, accordant la liberté religieuse aux protestants en France ? Henri IV
91%
Quel célèbre homme politique français a joué un rôle clé lors du Congrès de Vienne en 1815 ? Talleyrand
81%
Quel roi de France a ordonné l'arrestation et la persécution des Templiers en 1307 ? Philippe IV
76%
Qui était le roi de France pendant la guerre de Cent Ans ? Charles VI
73%
Quel roi a été surnommé le "Roi-Citoyen" en raison de son comportement durant la Révolution française ? Louis-Philippe Ier
42%
Aucun quiz correspondant
Distribution des résultats
% des personnes avec chaque résultat
Percentile par nombre de réponses
Votre historique - résultats
Vous n’avez pas pris ce quiz depuis la dernière actualisation